UM Logo

A Retrospective Study on Students' Perceived Experiences in Physical Education : (Record no. 24314)

MARC details
000 -LEADER
fixed length control field 01262nam a22002777a 4500
003 - CONTROL NUMBER IDENTIFIER
control field OSt
005 - DATE AND TIME OF LATEST TRANSACTION
control field 20260415165115.0
008 - FIXED-LENGTH DATA ELEMENTS--GENERAL INFORMATION
fixed length control field 260212b |||||||| |||| 00| 0 eng d
040 ## - CATALOGING SOURCE
Transcribing agency 0
082 ## - DEWEY DECIMAL CLASSIFICATION NUMBER
Classification number DPer 796.07 J826 January-October 2023 v. 42 no. 1-4
100 ## - MAIN ENTRY--PERSONAL NAME
Personal name Simonton, Kelly L.
Relator term author.
9 (RLIN) 69651
245 ## - TITLE STATEMENT
Title A Retrospective Study on Students' Perceived Experiences in Physical Education :
Remainder of title Exploring Beliefs, Emotions, and Physical Activity Outcomes /
Statement of responsibility, etc. Kelly L. Simonton, Nicholas Washburn, Laura F. Prior, Victoria N. Shiver, Sean Fullerton, and Karen L. Gaudrealt.
260 ## - PUBLICATION, DISTRIBUTION, ETC. (IMPRINT)
Place of publication, distribution, etc. US ;
Name of publisher, distributor, etc. Human KInetics, Inc. ,
Date of publication, distribution, etc. April 2023
300 ## - PHYSICAL DESCRIPTION
Extent Volume 42, pages 274-282 :
Other physical details illustration ;
Dimensions 29 cm.
500 ## - GENERAL NOTE
General note Journal of Teaching in Physical Education, vol. 42 no. 2, pages 274-282, January-October 2023.
650 #0 - SUBJECT ADDED ENTRY--TOPICAL TERM
Topical term or geographic name as entry element Beliefs.
9 (RLIN) 67077
650 #0 - SUBJECT ADDED ENTRY--TOPICAL TERM
Topical term or geographic name as entry element College students.
9 (RLIN) 47911
650 #0 - SUBJECT ADDED ENTRY--TOPICAL TERM
Topical term or geographic name as entry element Emotional response.
9 (RLIN) 64964
700 ## - ADDED ENTRY--PERSONAL NAME
Personal name Simonton, Kelly L.
Relator term author.
9 (RLIN) 69651
700 ## - ADDED ENTRY--PERSONAL NAME
Personal name Washburn, Nicholas.
Relator term author.
9 (RLIN) 59940
700 ## - ADDED ENTRY--PERSONAL NAME
Personal name Prior, Laura F.
Relator term author.
Relator code Prior, Laura F.
9 (RLIN) 69698
700 ## - ADDED ENTRY--PERSONAL NAME
Personal name Shiver, Victoria N.
Relator term author.
9 (RLIN) 69655
700 ## - ADDED ENTRY--PERSONAL NAME
Personal name Fullerton, Sean
Relator term author.
9 (RLIN) 69699
700 ## - ADDED ENTRY--PERSONAL NAME
Personal name Gaudreault, Karen L.
Relator term author.
9 (RLIN) 66957
942 ## - ADDED ENTRY ELEMENTS (KOHA)
Source of classification or shelving scheme Dewey Decimal Classification
Koha item type Periodicals
Holdings
Withdrawn status Lost status Source of classification or shelving scheme Damaged status Not for loan Collection code Home library Current library Date acquired Total Checkouts Full call number Date last seen Price effective from Koha item type Public note
    Dewey Decimal Classification     Periodicals UM Digos College - LIC UM Digos College - LIC 02/12/2026   DPer 796.07 J826 January-October 2023 v. 42 no. 1-4 02/12/2026 12/02/2026 Periodicals Periodical Article